| 000 | 05103nam a22007095i 4500 | ||
|---|---|---|---|
| 001 | 978-3-319-62075-6 | ||
| 003 | DE-He213 | ||
| 005 | 20210118152710.0 | ||
| 007 | cr nn 008mamaa | ||
| 008 | 170627s2017 gw | s |||| 0|eng d | ||
| 020 |
_a9783319620756 _9978-3-319-62075-6 |
||
| 024 | 7 |
_a10.1007/978-3-319-62075-6 _2doi |
|
| 050 | 4 | _aQ334-342 | |
| 072 | 7 |
_aUYQ _2bicssc |
|
| 072 | 7 |
_aCOM004000 _2bisacsh |
|
| 072 | 7 |
_aUYQ _2thema |
|
| 082 | 0 | 4 |
_a006.3 _223 |
| 245 | 1 | 0 |
_aIntelligent Computer Mathematics _h[electronic resource] : _b10th International Conference, CICM 2017, Edinburgh, UK, July 17-21, 2017, Proceedings / _cedited by Herman Geuvers, Matthew England, Osman Hasan, Florian Rabe, Olaf Teschke. |
| 250 | _a1st ed. 2017. | ||
| 264 | 1 |
_aCham : _bSpringer International Publishing : _bImprint: Springer, _c2017. |
|
| 300 |
_aXVIII, 375 p. 81 illus. _bonline resource. |
||
| 336 |
_atext _btxt _2rdacontent |
||
| 337 |
_acomputer _bc _2rdamedia |
||
| 338 |
_aonline resource _bcr _2rdacarrier |
||
| 347 |
_atext file _bPDF _2rda |
||
| 490 | 1 |
_aLecture Notes in Artificial Intelligence ; _v10383 |
|
| 505 | 0 | _aCalculemus track: integration of symbolic computation and mechanized reasoning -- Digital Mathematics Libraries track: math-aware technologies, standards, algorithms, and processes -- Mathematical Knowledge Management track: aspects of managing mathematical knowledge, in informal, semi-formal, and formal settings -- Systems and Projects track: descriptions of systems and relevant projects as keys research topics. | |
| 520 | _aThis book constitutes the refereed proceedings of the 10th International Conference on Intelligent Computer Mathematics, CICM 2017, held in Edinburgh, Scotland, in July 2017. The 22 full papers and 3 abstracts of invited papers presented were carefully reviewed and selected from a total of 40 submissions. The papers are organized in three tracks: the Calculemus track examining the integration of symbolic computation and mechanized reasoning; the Digital Mathematics Libraries track dealing with math-aware technologies, standards, algorithms, and processes; the Mathematical Knowledge Management track being concerned with all aspects of managing mathematical knowledge, in informal, semi-formal, and formal settings. An additional track Systems and Projects contains descriptions of systems and relevant projects, both of which are key to a research topic where theory and practice interact on explicitly represented knowledge. | ||
| 650 | 0 | _aArtificial intelligence. | |
| 650 | 0 | _aMathematical logic. | |
| 650 | 0 | _aComputer logic. | |
| 650 | 0 | _aSoftware engineering. | |
| 650 | 0 | _aProgramming languages (Electronic computers). | |
| 650 | 0 | _aComputer simulation. | |
| 650 | 1 | 4 |
_aArtificial Intelligence. _0http://scigraph.springernature.com/things/product-market-codes/I21000 |
| 650 | 2 | 4 |
_aMathematical Logic and Formal Languages. _0http://scigraph.springernature.com/things/product-market-codes/I16048 |
| 650 | 2 | 4 |
_aLogics and Meanings of Programs. _0http://scigraph.springernature.com/things/product-market-codes/I1603X |
| 650 | 2 | 4 |
_aSoftware Engineering. _0http://scigraph.springernature.com/things/product-market-codes/I14029 |
| 650 | 2 | 4 |
_aProgramming Languages, Compilers, Interpreters. _0http://scigraph.springernature.com/things/product-market-codes/I14037 |
| 650 | 2 | 4 |
_aSimulation and Modeling. _0http://scigraph.springernature.com/things/product-market-codes/I19000 |
| 700 | 1 |
_aGeuvers, Herman. _eeditor. _0(orcid)0000-0003-2522-2980 _1https://orcid.org/0000-0003-2522-2980 _4edt _4http://id.loc.gov/vocabulary/relators/edt |
|
| 700 | 1 |
_aEngland, Matthew. _eeditor. _0(orcid)0000-0001-5729-3420 _1https://orcid.org/0000-0001-5729-3420 _4edt _4http://id.loc.gov/vocabulary/relators/edt |
|
| 700 | 1 |
_aHasan, Osman. _eeditor. _0(orcid)0000-0003-2562-2669 _1https://orcid.org/0000-0003-2562-2669 _4edt _4http://id.loc.gov/vocabulary/relators/edt |
|
| 700 | 1 |
_aRabe, Florian. _eeditor. _4edt _4http://id.loc.gov/vocabulary/relators/edt |
|
| 700 | 1 |
_aTeschke, Olaf. _eeditor. _4edt _4http://id.loc.gov/vocabulary/relators/edt |
|
| 710 | 2 | _aSpringerLink (Online service) | |
| 773 | 0 | _tSpringer eBooks | |
| 776 | 0 | 8 |
_iPrinted edition: _z9783319620749 |
| 776 | 0 | 8 |
_iPrinted edition: _z9783319620763 |
| 830 | 0 |
_aLecture Notes in Artificial Intelligence ; _v10383 |
|
| 856 | 4 | 0 | _uhttps://doi.org/10.1007/978-3-319-62075-6 |
| 912 | _aZDB-2-SCS | ||
| 912 | _aZDB-2-LNC | ||
| 999 |
_c453191 _d453191 |
||
| 942 | _cEB | ||
| 506 | _aAvailable to subscribing member institutions only. Доступно лише організаціям членам підписки. | ||
| 506 | _fOnline access from local network of NaUOA. | ||
| 506 | _fOnline access with authorization at https://link.springer.com/ | ||
| 506 | _fОнлайн-доступ з локальної мережі НаУОА. | ||
| 506 | _fОнлайн доступ з авторизацією на https://link.springer.com/ | ||